LEADER 00652nam a2200181 i 4500 001 000000057731 003 CaOOAMICUS 005 19971016000000.0 008 971016n xx u000 u spa u 013 $a28903 040 $aSeMil$bita 100 1 $aFuertes, Josephus .$0(OLS)http://semarc/name/29402 245 13$aLa Familia visigoda (Los Hijos) 650 4$aTesi di laurea.$0(OLS)http://semarc/subject/1690 650 4$aVisigoti.$0(OLS)http://semarc/subject/11626 850 $aSeMil 852 $aSeMil$W1$xVenegono$y1$m2I V 446$j23885$B23885$CSeMilBibl$Z2$F23887 $81 996 $6245$aLa Familia visigoda (Los Hijos)$9(OLS)http://semarc/title/89874 LEADER 00931nam a2200253 i 4500 001 000000083348 003 CaOOAMICUS 005 20181106142800.0 008 180830s1953 xx u000 u und u 013 $a55588 040 $aSeMil$bita 100 1 $aGolzio, Silvio.$0(OLS)http://semarc/name/39213 245 13$aLa popolazione. 260 $aRoma :$bStudium,$c1953. 300 $a117 p., [4] c. di tav. ripieg. : $bill. ;$c17 cm 490 0 $aUniversale Studium ;$v29 650 4$aPopolazione.$0(OLS)http://semarc/subject/5553 650 4$aDemografia.$0(OLS)http://semarc/subject/7605 830 0$aUniversale Studium ;$v29.$0(OLS)http://semarc/title/6856 850 $aSeMil 852 $aSeMil$W1$xVenegono$y1$m1B I 192$j212317$B47950$CSeMilBibl$Z2$F50947 $81 996 $6245$aLa popolazione$9(OLS)http://semarc/title/130414 996 $6260$aRoma :$bStudium$9(OLS)http://semarc/publisher/29617 LEADER 01235nam a2200277 i 4500 001 000000362815 003 CaOOAMICUS 005 20250514142421.0 008 250514s1982 gw u000 u ger u 020 $a3-16-144613-5$c(pb) 020 $a3-16-144614-3$c(hb) 040 $aSeMil$bita 100 1 $aEbeling, Gerhard,$d<1912-2001>.$0(OLS)http://semarc/name/605 245 10$a3: Der Glaube an Gott den Versöhner der Welt ; Register /$cGerhard Ebeling. 250 $a2. durchgesehene Aufl. 264 1$aTübingen :$bMohr Siebeck,$c1982. 300 $aXIX, 589 p. ;$c23 cm 773 0 $aEbeling, Gerhard <1912-2001>$tDogmatik des christlichen Glaubens.$dTübingen : Mohr Siebeck, 1982-1987.$g3$w()362812 850 $aSeMil 852 $aSeMil$W1$xVenegono$y1$m2B IV 381$j256955$B253713$CSeMilBibl$Z2$F253713 $81 961 $aBuzzi mons. Franco - Omaggio 996 $6020$a3-16-144613-5$c(pb)$9(OLS)http://semarc/number/303189 996 $6020$a3-16-144614-3$c(hb)$9(OLS)http://semarc/number/303190 996 $6245$a3: Der Glaube an Gott den Versöhner der Welt ; Register$9(OLS)http://semarc/title/73071 996 $6264$aTübingen :$bMohr Siebeck$9(OLS)http://semarc/publisher/30329